Applied human resource management strategic issues and experiential exercises

Salvato in:
Dettagli Bibliografici
Autore principale: York, Kenneth M.
Natura: Libro
Lingua:inglese
Pubblicazione: Thousand Oaks SAGE 2010
Soggetti:
Tags: Aggiungi Tag
Nessun Tag, puoi essere il primo ad aggiungerne!!

MARC

LEADER 00000nam$a2200000$$$4500
001 0095662
005 20240315115109.4
020 |a 978-1-4129-5492-1 
041 0 |a eng 
044 |a US 
245 1 0 |a Applied human resource management  |b strategic issues and experiential exercises  |c Kenneth M. York 
264 1 |a Thousand Oaks  |b SAGE  |c 2010 
300 |a 411 s. 
610 2 0 |a zdroje ľudské 
610 2 0 |a riadenie ľudských zdrojov 
610 2 0 |a zamestnanci 
610 2 0 |a príležitosť pracovná 
610 2 0 |a miesta pracovné 
610 2 0 |a diskriminácia pracovná 
610 2 0 |a nábor pracovníkov 
610 2 0 |a testy 
610 2 0 |a rozvoj pracovníkov 
610 2 0 |a ochrana zdravia 
610 2 0 |a vzťahy pracovné 
610 2 0 |a práca v zahraničí 
610 2 0 |a zákony 
610 2 0 |a vzdelávanie 
100 1 |a York, Kenneth M.